| 000 | 00707nam a2200217Ia 4500 | ||
|---|---|---|---|
| 003 | GCL | ||
| 008 | 140319s9999 xx 000 0 ara d | ||
| 040 |
_aGCL / _cGCL |
||
| 082 | 0 | 4 |
_a649 _bش ط |
| 100 | 1 | _aشحاته محمد شحاته | |
| 245 | 1 | 0 |
_aالطفل وتكوين الشخصية: ارشادات ونصائح عامة للام / _cشحاته محمد شحاته |
| 260 |
_a[S.N] : _bدار الفتوح للنشر والتوزيع |
||
| 490 | _a | ||
| 650 | 0 | 4 | _aالام الحامل |
| 650 | 0 | 4 | _aالتاخر العقلى |
| 650 | 0 | 4 | _aالضعف العقلى |
| 650 | 0 | 4 | _aالامومة |
| 650 | 0 | 4 | _aالطفولة |
| 650 | 0 | 4 | _aالاطفال - علم نفس |
| 942 |
_2ddc _cBK |
||
| 999 |
_c52132 _d52132 |
||